00293nam a22000977a 4500008004100000082001600041100002100057245007400078260003400152300000900186230620b xxu||||| |||| 00| 0 eng d a309.17bWAT cBen J WattenBerg aThe Real AmericanbA surprising Examination of the state of the Union aUSAbAll right reservedc1974 a367p